[Event "Barcelona Vila de Gracia op 7th"]
[Site "Barcelona"]
[Date "2013.12.13"]
[Round "8"]
[White "Franch Bullich, Jaume"]
[Black "Estepa Fonseca, Omar Maria"]
[Result "0-1"]
[WhiteElo "1995"]
[BlackElo "1944"]
[PlyCount "122"]
[EventDate "2013.10.11"]
[EventType "swiss"]
[EventRounds "9"]
[EventCountry "ESP"]
[SourceTitle "EXT 2015"]
[Source "ChessBase"]
[SourceDate "2014.11.20"]
[SourceVersion "1"]
[SourceVersionDate "2014.11.20"]
[SourceQuality "1"]

1. c4 Nf6 2. Nc3 g6 3. Nf3 Bg7 4. g3 0-0 5. Bg2 d6 6. 0-0 e5 7. Rb1 a5 8. b4 axb4 9. Rxb4 Na6 10. Rb1 Nc5 11. d3 c6 12. Be3 Ne6 13. Qc2 Qe7 14. h3 Nd7 15. a4 f5 16. Bc1 Ndc5 17. Ba3 Qf6 18. Bxc5 Nxc5 19. Rfc1 g5 20. e3 e4 21. dxe4 fxe4 22. Nxe4 Nxe4 23. Qxe4 Bf5 24. Qd4 Bxb1 25. Qxf6 Bxf6 26. Rxb1 Rf7 27. Nd2 Rd7 28. Ne4 Be7 29. Rd1 Ra5 30. f4 h6 31. g4 gxf4 32. exf4 d5 33. cxd5 cxd5 34. f5 Kg7 35. Kf1 Rxa4 36. Nc3 Rf4+ 37. Ke2 Bc5 38. Bxd5 Rf2+ 39. Kd3 b5 40. Ke4 b4 41. Be6 Rxd1 42. Nxd1 Rh2 43. Ke5 Be7 44. Ne3 Bf6+ 45. Kf4 Rxh3 46. Ke4 Bg5 47. Nc4 b3 48. Na3 b2 49. Nb1 Be7 50. Ke5 Re3+ 51. Kd4 Re1 52. Ba2 Rc1 53. Ke5 Re1+ 54. Kf4 Kf6 55. Nd2 Bb4 56. Ne4+ Kg7 57. f6+ Kf8 58. Kf5 b1Q 59. Bxb1 Rxb1 60. Kg6 Rg1 61. Nf2 Rg2 0-1

[Event "Barcelona La Lira op 31st"]
[Site "Barcelona"]
[Date "2013.03.01"]
[Round "7"]
[White "Franch Bullich, Jaume"]
[Black "Martinez Hernandez, Emili"]
[Result "1-0"]
[WhiteElo "2020"]
[BlackElo "1734"]
[PlyCount "113"]
[EventDate "2013.01.18"]
[EventType "swiss"]
[EventRounds "8"]
[EventCountry "ESP"]
[SourceTitle "EXT 2014"]
[Source "ChessBase"]
[SourceDate "2013.11.20"]
[SourceVersion "1"]
[SourceVersionDate "2013.11.20"]
[SourceQuality "1"]

1. c4 e5 2. Nc3 Nc6 3. g3 g6 4. Bg2 Bg7 5. Nf3 Nge7 6. 0-0 0-0 7. Rb1 d6 8. b4 Nf5 9. e3 Nce7 10. a4 Rb8 11. Ba3 Be6 12. d3 Nh6 13. Ng5 Bg4 14. Qb3 c6 15. b5 c5 16. h3 Bd7 17. Rbd1 Qc8 18. Kh2 f6 19. Nge4 Nf7 20. d4 f5 21. Nxd6 Nxd6 22. Bxc5 Qc7 23. Bxd6 Qxd6 24. c5+ Qe6 25. d5 Qf7 26. Qa3 e4 27. d6 Nc8 28. Nd5 g5 29. f3 exf3 30. Bxf3 Kh8 31. Nc7 Qg6 32. c6 bxc6 33. bxc6 Bxc6 34. Bxc6 f4 35. gxf4 Qc2+ 36. Bg2 Rb2 37. Rg1 gxf4 38. d7 f3 39. Qxf8+ Bxf8 40. d8Q Kg8 41. Ne6 Qf5 42. Qxf8+ Qxf8 43. Nxf8 Ne7 44. Nxh7 Nf5 45. Nf6+ Kf7 46. Ng4 Ke6 47. e4 Nh4 48. Kg3 Nxg2 49. Kxf3 Nh4+ 50. Ke3 Rb3+ 51. Rd3 Rb2 52. Nf2 Rb8 53. Rg4 Rh8 54. Rb3 Kf6 55. Rc3 Ke6 56. Rc6+ Kf7 57. Rc7+ 1-0

[Event "Barcelona La Lira op 31st"]
[Site "Barcelona"]
[Date "2013.02.22"]
[Round "6"]
[White "Franch Bullich, Jaume"]
[Black "Ritter Aguilar, Jordi"]
[Result "0-1"]
[WhiteElo "2020"]
[BlackElo "1909"]
[PlyCount "138"]
[EventDate "2013.01.18"]
[EventType "swiss"]
[EventRounds "8"]
[EventCountry "ESP"]
[SourceTitle "EXT 2014"]
[Source "ChessBase"]
[SourceDate "2013.11.20"]
[SourceVersion "1"]
[SourceVersionDate "2013.11.20"]
[SourceQuality "1"]

1. c4 e6 2. d4 d5 3. Nc3 Nf6 4. Nf3 Bb4 5. Qa4+ Nc6 6. Ne5 Bxc3+ 7. bxc3 0-0 8. Bg5 h6 9. Bxf6 Qxf6 10. Nxc6 Bd7 11. cxd5 exd5 12. e3 bxc6 13. Be2 Bf5 14. 0-0 a5 15. Rfd1 Qg6 16. Rd2 Rfe8 17. Rb2 Be4 18. Bf1 Qd6 19. Rb7 Reb8 20. Qb3 Qd8 21. a4 Rxb7 22. Qxb7 Rb8 23. Qxc6 Rb2 24. Rc1 Rb6 25. Qc5 Rg6 26. g3 Qb8 27. Qa3 h5 28. Bg2 Bxg2 29. Kxg2 h4 30. Qa2 c6 31. Rb1 Qc8 32. Qe2 Qf5 33. Rb8+ Kh7 34. h3 hxg3 35. fxg3 Qg5 36. Qf3 Rf6 37. h4 Qg6 38. Qe2 Qe4+ 39. Kh2 Rf3 40. Rb2 g6 41. h5 Rxe3 42. hxg6+ fxg6 43. Rb7+ Kh6 44. Qd2 Qf3 45. Rb2 Qxg3+ 46. Kh1 Qe1+ 47. Qxe1 Rxe1+ 48. Kg2 Rc1 49. Rb3 Kg5 50. Kg3 Kf5 51. Kf3 g5 52. Ra3 g4+ 53. Ke3 Rf1 54. Ke2 Rf3 55. Kd2 g3 56. Ra1 Kf4 57. Rg1 Rf2+ 58. Kd3 g2 59. c4 Kg3 60. cxd5 cxd5 61. Re1 Kh2 62. Re8 Rf3+ 63. Ke2 g1Q 64. Kxf3 Qf1+ 65. Kg4 Qh3+ 66. Kg5 Qg3+ 67. Kf5 Qd3+ 68. Kg5 Qxd4 69. Rh8+ Qxh8 0-1

[Event "Barcelona La Lira op 30th"]
[Site "Barcelona"]
[Date "2012.01.27"]
[Round "2"]
[White "Franch Bullich, Jaume"]
[Black "Vigier Lopez, Carlos"]
[Result "1-0"]
[WhiteElo "2055"]
[BlackElo "1823"]
[PlyCount "93"]
[EventDate "2012.01.20"]
[EventType "swiss"]
[EventRounds "8"]
[EventCountry "ESP"]
[SourceTitle "EXT 2013"]
[Source "ChessBase"]
[SourceDate "2012.11.22"]
[SourceVersion "1"]
[SourceVersionDate "2012.11.22"]
[SourceQuality "1"]

1. c4 e5 2. Nc3 f5 3. g3 Nf6 4. Bg2 g6 5. d3 Bg7 6. Nf3 d6 7. 0-0 0-0 8. Rb1 a5 9. b4 axb4 10. Rxb4 Na6 11. Rb1 Nc5 12. e3 e4 13. dxe4 Nfxe4 14. Nxe4 fxe4 15. Nd2 Rxa2 16. Nxe4 Nxe4 17. Bxe4 Bh3 18. Bg2 Bxg2 19. Kxg2 b6 20. Qd5+ Kh8 21. Bd2 Rf5 22. Qd3 Qa8+ 23. e4 Rf8 24. Kg1 Ra3 25. Qd5 Ra2 26. Be3 Re8 27. f3 Qxd5 28. cxd5 Rea8 29. Rbc1 R2a3 30. Rfe1 Rxe3 31. Rxe3 Bd4 32. Rce1 Bxe3+ 33. Rxe3 Kg7 34. Rc3 Ra7 35. Kf2 Kf6 36. Ke3 Ke7 37. f4 Kd7 38. e5 dxe5 39. fxe5 Ra5 40. Kd4 Ra2 41. e6+ Kd8 42. h4 Ra7 43. Rf3 Ra4+ 44. Ke5 h5 45. Rf8+ Ke7 46. Rf7+ Kd8 47. Kf6 1-0

[Event "Sant Boi de Llobregat op 21st"]
[Site "Sant Boi de Llobregat"]
[Date "2009.05.29"]
[Round "5.4"]
[White "Munoz Pantoja, Miguel Angel"]
[Black "Franch Bullich, Jaume"]
[Result "1-0"]
[WhiteElo "2447"]
[BlackElo "2073"]
[PlyCount "127"]
[EventDate "2009.04.24"]
[EventType "swiss"]
[EventRounds "8"]
[EventCountry "ESP"]
[SourceTitle "EXT 2024"]
[Source "ChessBase"]
[SourceDate "2023.10.10"]
[SourceVersion "1"]
[SourceVersionDate "2023.10.10"]
[SourceQuality "1"]

1. e4 c5 2. Nf3 d6 3. Bb5+ Bd7 4. Bxd7+ Nxd7 5. 0-0 Ngf6 6. Re1 g6 7. c3 Bg7 8. d4 cxd4 9. cxd4 0-0 10. Nc3 e6 11. Bf4 Nb6 12. Qb3 a6 13. a4 Rc8 14. a5 Nc4 15. Qxb7 Nxa5 16. Qxa6 Nc4 17. b3 Nb6 18. Qa5 d5 19. e5 Nfd7 20. Nb5 Ra8 21. Qd2 Qb8 22. Bh6 Nc8 23. Rxa8 Qxa8 24. h4 Qb7 25. Bxg7 Kxg7 26. Qa5 Ne7 27. Rc1 Nc6 28. Qc7 Qxc7 29. Nxc7 Na5 30. Nd2 Rb8 31. Na6 Rb6 32. Nc5 Nb8 33. Ra1 Nbc6 34. Ra4 Rb5 35. Kh2 Nxd4 36. Rxd4 Rxc5 37. b4 Nb3 38. bxc5 Nxd4 39. Kg3 f6 40. f4 Kf7 41. Kf2 h6 42. g4 fxe5 43. fxe5 g5 44. hxg5 hxg5 45. Ke3 Nc6 46. Nf3 Ke7 47. Kf2 Kd7 48. Kg3 Ke7 49. Nxg5 Nxe5 50. Nf3 Nd3 51. c6 Nc5 52. g5 Ne4+ 53. Kf4 Kd6 54. Ne5 Nxg5 55. Kxg5 Kc7 56. Kf4 Kd6 57. Ke3 Kc7 58. Kd3 Kd6 59. Kd4 Kc7 60. Kc5 Kd8 61. Kd6 Kc8 62. c7 d4 63. Kc6 d3 64. Nd7 1-0

[Event "Barcelona La Lira op 27th"]
[Site "Barcelona"]
[Date "2009.03.06"]
[Round "8"]
[White "Franch Bullich, Jaume"]
[Black "Barranco Montilla, Cristobal"]
[Result "1-0"]
[WhiteElo "2073"]
[BlackElo "2166"]
[PlyCount "87"]
[EventDate "2009.01.16"]
[EventType "swiss"]
[EventRounds "8"]
[EventCountry "ESP"]
[SourceTitle "EXT 2011"]
[Source "ChessBase"]
[SourceDate "2010.11.26"]
[SourceVersion "1"]
[SourceVersionDate "2010.11.26"]
[SourceQuality "1"]

1. c4 c5 2. Nf3 Nc6 3. Nc3 g6 4. g3 Bg7 5. Bg2 e5 6. d3 d6 7. 0-0 Nge7 8. a3 0-0 9. Rb1 a5 10. Bd2 h6 11. Nb5 Rb8 12. b4 axb4 13. axb4 b6 14. Qc2 Be6 15. Bc3 f5 16. Nd2 Nd4 17. Bxd4 cxd4 18. Ra1 d5 19. Ra7 Rc8 20. Qa4 dxc4 21. Nxc4 Bxc4 22. dxc4 e4 23. Rd1 Nc6 24. Ra6 Rf7 25. c5 bxc5 26. bxc5 Nb8 27. Rxg6 Rxc5 28. Nxd4 Rd5 29. e3 Kh7 30. Re6 Rfd7 31. Bh3 Kg8 32. Qb3 Kh8 33. Rb1 Be5 34. Rxh6+ Rh7 35. Rxh7+ Kxh7 36. Bxf5+ Kh8 37. Qb7 Rd7 38. Bxd7 Nxd7 39. Qxe4 Bf6 40. Rb7 Qc8 41. Qd5 Ne5 42. Qb5 Qc1+ 43. Kg2 Bg7 44. Qe8+ 1-0

[Event "Barcelona La Lira op 27th"]
[Site "Barcelona"]
[Date "2009.02.13"]
[Round "5"]
[White "Cahue Soria, Francisco"]
[Black "Franch Bullich, Jaume"]
[Result "0-1"]
[WhiteElo "2027"]
[BlackElo "2073"]
[PlyCount "94"]
[EventDate "2009.01.16"]
[EventType "swiss"]
[EventRounds "8"]
[EventCountry "ESP"]
[SourceTitle "EXT 2011"]
[Source "ChessBase"]
[SourceDate "2010.11.26"]
[SourceVersion "1"]
[SourceVersionDate "2010.11.26"]
[SourceQuality "1"]

1. d4 d5 2. Nf3 Bf5 3. e3 c6 4. c4 e6 5. Nc3 Nf6 6. Nh4 Bg6 7. Qb3 Qc7 8. Nxg6 hxg6 9. cxd5 exd5 10. Bd2 Nbd7 11. Rc1 a6 12. Nxd5 Nxd5 13. Qxd5 Rxh2 14. Qe4+ Be7 15. Rxh2 Qxh2 16. g3 Nf6 17. Qe5 Ng4 18. Qf4 f5 19. Qf3 Bd6 20. Bd3 Nxf2 21. Bxf5 Ke7 22. Bxg6 Rf8 23. Bf5 g6 24. e4 gxf5 25. e5 Bxe5 26. dxe5 Ne4 27. Bb4+ c5 28. Rxc5 Qg1+ 29. Qf1 Qe3+ 30. Qe2 Qxg3+ 31. Kd1 Qg1+ 32. Qe1 Qd4+ 33. Ke2 Nxc5 34. Bxc5+ Qxc5 35. Qh4+ Ke6 36. Qh6+ Kxe5 37. Qg7+ Rf6 38. Qg3+ Ke6 39. Qg8+ Rf7 40. Qg6+ Ke7 41. Qg5+ Kd7 42. Qd2+ Qd6 43. Qa5 Re7+ 44. Kf3 Qd3+ 45. Kf4 Qe4+ 46. Kg5 Qg4+ 47. Kf6 Re6+ 0-1

[Event "Barcelona La Lira op 27th"]
[Site "Barcelona"]
[Date "2009.01.30"]
[Round "3"]
[White "Franch Bullich, Jaume"]
[Black "Rosich Valles, Alfredo"]
[Result "0-1"]
[WhiteElo "2073"]
[BlackElo "2342"]
[PlyCount "106"]
[EventDate "2009.01.16"]
[EventType "swiss"]
[EventRounds "8"]
[EventCountry "ESP"]
[SourceTitle "EXT 2011"]
[Source "ChessBase"]
[SourceDate "2010.11.26"]
[SourceVersion "1"]
[SourceVersionDate "2010.11.26"]
[SourceQuality "1"]

1. c4 e5 2. Nc3 f5 3. g3 Nf6 4. Bg2 g6 5. d3 Bg7 6. Nf3 d6 7. 0-0 0-0 8. Rb1 a5 9. b4 axb4 10. Rxb4 Na6 11. Rb1 Nc5 12. Qc2 e4 13. Nd2 exd3 14. exd3 f4 15. f3 fxg3 16. hxg3 Nh5 17. Ne2 Bf5 18. Ne4 Qd7 19. Be3 b6 20. g4 Bxe4 21. dxe4 Nf6 22. Ng3 Qa4 23. Rf2 Nfd7 24. f4 Qxc2 25. Rxc2 Ra3 26. Nf1 Nf6 27. Bxc5 bxc5 28. Nd2 Nd7 29. Rf1 Bd4+ 30. Kh1 g5 31. e5 dxe5 32. fxg5 Rxf1+ 33. Bxf1 e4 34. Bg2 e3 35. Bd5+ Kg7 36. Nf3 Nb6 37. Be4 Na4 38. Rh2 Nc3 39. Rxh7+ Kg8 40. Re7 Kf8 41. Re6 Nxe4 42. Rxe4 Rxa2 43. Nh4 Rf2 44. Ng2 e2 45. Kh2 Bc3 46. Kg3 Rxg2+ 47. Kxg2 e1Q 48. Rxe1 Bxe1 49. Kf3 Bd2 50. Ke4 Bxg5 51. Kf5 Be3 52. g5 Ke7 53. g6 Bd4 0-1

[Event "Canovelles op 11th"]
[Site "Canovelles"]
[Date "2008.03.07"]
[Round "1.7"]
[White "Franch Bullich, Jaume"]
[Black "Turon Mora, Joan"]
[Result "1-0"]
[WhiteElo "2070"]
[BlackElo "1987"]
[PlyCount "27"]
[EventDate "2008.03.07"]
[EventType "swiss"]
[EventRounds "9"]
[EventCountry "ESP"]
[SourceTitle "EXT 2024"]
[Source "ChessBase"]
[SourceDate "2023.10.10"]
[SourceVersion "1"]
[SourceVersionDate "2023.10.10"]
[SourceQuality "1"]

1. c4 Nf6 2. Nc3 e6 3. e4 d5 4. e5 d4 5. exf6 dxc3 6. bxc3 Qxf6 7. d4 c5 8. Nf3 h6 9. Rb1 b6 10. Ne5 Nd7 11. Qa4 Qd8 12. Bf4 Bb7 13. Rd1 g5 14. dxc5 1-0

[Event "Sant Boi op-A"]
[Site "Sant Boi de Llobregat"]
[Date "2000.05.19"]
[Round "2"]
[White "Mingo Fernandez, Matias"]
[Black "Franch Bullich, Jaume"]
[Result "1-0"]
[WhiteElo "2225"]
[BlackElo "2085"]
[PlyCount "41"]
[EventDate "2000.05.12"]
[EventType "swiss"]
[EventRounds "7"]
[EventCountry "ESP"]
[SourceTitle "EXT 2003"]
[Source "ChessBase"]
[SourceDate "2002.11.25"]
[SourceVersion "1"]
[SourceVersionDate "2002.11.25"]
[SourceQuality "1"]

1. e4 c5 2. Nf3 d6 3. c3 Nf6 4. Be2 Nc6 5. d4 cxd4 6. cxd4 Nxe4 7. d5 Qa5+ 8. Nc3 Ne5 9. Nxe5 dxe5 10. Bb5+ Bd7 11. Bxd7+ Kd8 12. Bf5 Nxc3 13. bxc3 Qxc3+ 14. Bd2 Qc4 15. Rc1 Qxa2 16. 0-0 g6 17. Bb1 Qa6 18. Bd3 Qd6 19. Qb3 Rb8 20. Bb4 Qb6 21. Qc3 1-0

[Event "Sant Boi op"]
[Site "Sant Boi de Llobregat"]
[Date "1996.??.??"]
[Round "?"]
[White "Franch Bullich, Jaume"]
[Black "Colom Casasayas, Oscar"]
[Result "0-1"]
[WhiteElo "2075"]
[BlackElo "2020"]
[PlyCount "48"]
[EventDate "1996.??.??"]
[EventType "swiss"]
[EventRounds "9"]
[EventCountry "ESP"]
[SourceTitle "EXT 2003"]
[Source "ChessBase"]
[SourceDate "2002.11.25"]
[SourceVersion "1"]
[SourceVersionDate "2002.11.25"]
[SourceQuality "1"]

1. c4 Nf6 2. Nc3 c6 3. Nf3 d5 4. cxd5 cxd5 5. d4 Nc6 6. Bf4 Bf5 7. Ne5 e6 8. Qa4 Qb6 9. Nxc6 bxc6 10. Rc1 Be7 11. e3 0-0 12. Ba6 c5 13. dxc5 Bxc5 14. Nb5 e5 15. Bxe5 Bxe3 16. Bd4 Bxd4 17. Nxd4 Bd7 18. Bb5 Rfe8+ 19. Kf1 Bxb5+ 20. Nxb5 Ne4 21. Rc2 Rec8 22. Nc3 Nxc3 23. Qg4 Qa6+ 24. Kg1 Ne2+ 0-1